| 000 | 01003nam a2200277 i 4500 | ||
|---|---|---|---|
| 001 | bg | ||
| 245 | 0 | 0 |
_aPrawo żywnościowe : _bzbiór przepisów / _c[wybór] Beata Jeżyńska, Piotr Mikołajczyk, Radosław Pastuszko ; Aleksander Oleszko red. |
| 250 | _aStan prawny na 1 listopada 2003 r. | ||
| 260 |
_aKraków : _b"Zakamycze", _c2003. |
||
| 300 |
_a619, [1] s. ; _c24 cm. |
||
| 490 | 1 | _aSeria Akademicka | |
| 650 | 9 |
_aŻywność _xprawo _zPolska _ystan na 2003 r. |
|
| 700 | 1 |
_aJEŻYŃSKA, Beata. _eAut. wyboru |
|
| 700 | 1 |
_aMIKOŁAJCZYK, Piotr _d(1972- ). _eAut. wyboru |
|
| 700 | 1 |
_aPASTUSZKO, Radosław _d(1978- ). _eAut. wyboru |
|
| 700 | 1 |
_aOLESZKO, Aleksander _d(1943- ). _eRed. |
|
| 830 | _aSeria Akademicka | ||
| 020 | _a8373333096 | ||
| 040 | _cBPK | ||
| 041 | 0 | _apol | |
| 080 | _a346.7:663/664+63](438)(094) | ||
| 920 | _a83-7333-309-6 | ||
| 942 | _cKS | ||
| 008 | s pl f |000 0 pol | ||
| 999 |
_c44652 _d44652 |
||
| 856 |
_uhttp://koha.tu.koszalin.pl/cgi-bin/koha/opac-detail.pl?biblionumber=44652 _yKatalog online BPK |
||